=LDR 00000nam 2200000 4500 =001 INLIS000000000044190 =005 20131008105259 =008 ***********************************ind** =035 ##$$0010-101300000002112 =041 ##$$a ind =082 ##$$a 2x7.3 =090 ##$$a 2x7.3, Maz, p =100 ##$$a MAZHAHIRI =245 ##$$a Panduan Lengkap Bagi Orang Tua Guru dan Masyarakat Berdasarkan Ajaran Islam =260 ##$$a 2008 $b Jakarta =300 ##$$a xxxii,343 hlm. , 24 cm =650 ##$$a PENDIDIKAN AGAMA ISLAM =850 ##$$a NBPNMAT